[Event "Moscow_Open_19_TurnirA"]
[Site "?"]
[Date "2019.01.27"]
[Round "2.7"]
[White "Kryakvin, Dmitry"]
[Black "Zakaryan, David"]
[Result "1-0"]
[BlackElo "2378"]
[WhiteElo "2588"]
[LiveChessVersion "1.4.8"]

1. c4 {[%clk 1:30:57]} Nf6 {[%clk 1:30:46]} 2. Nc3 {[%clk 1:31:15]} c5
{[%clk 1:30:55]} 3. g3 {[%clk 1:31:21]} g6 {[%clk 1:25:48]} 4. Bg2
{[%clk 1:31:21]} Bg7 {[%clk 1:26:15]} 5. a3 {[%clk 1:29:26]} O-O {[%clk 1:21:59]}
6. b4 {[%clk 1:27:16]} d6 {[%clk 1:22:26]} 7. Rb1 {[%clk 1:26:28]} Nc6
{[%clk 1:15:16]} 8. d3 Ne8 {[%clk 0:35:23]} 9. Na4 {[%clk 1:19:59]} Qc7
{[%clk 0:32:10]} 10. Bd2 {[%clk 1:16:54]} Nd4 {[%clk 0:30:15]} 11. e3
{[%clk 1:15:41]} Ne6 {[%clk 0:28:15]} 12. Ne2 {[%clk 1:12:50]} Rb8
{[%clk 0:28:19]} 13. Nec3 {[%clk 1:05:32]} b6 14. O-O {[%clk 1:03:11]} Bb7
{[%clk 0:26:03]} 15. Nd5 {[%clk 1:01:13]} Qd8 {[%clk 0:25:53]} 16. Bc3
{[%clk 0:54:56]} Bxc3 {[%clk 0:23:55]} 17. Naxc3 {[%clk 0:55:11]} N6c7
{[%clk 0:23:01]} 18. d4 {[%clk 0:53:35]} e6 {[%clk 0:16:18]} 19. Nxc7
{[%clk 0:50:06]} Qxc7 {[%clk 0:16:47]} 20. Nb5 {[%clk 0:47:58]} Qe7
{[%clk 0:16:57]} 21. d5 {[%clk 0:40:57]} Ba6 {[%clk 0:13:06]} 22. dxe6
{[%clk 0:36:05]} fxe6 {[%clk 0:13:05]} 23. Qa4 {[%clk 0:36:24]} Bxb5
{[%clk 0:13:20]} 24. Qxb5 {[%clk 0:36:48]} Rc8 {[%clk 0:11:20]} 25. Rbd1
{[%clk 0:36:00]} Qc7 {[%clk 0:09:55]} 26. bxc5 {[%clk 0:35:07]} bxc5
{[%clk 0:06:18]} 27. Rd3 {[%clk 0:28:50]} Rb8 {[%clk 0:06:29]} 28. Qa4
{[%clk 0:28:17]} Rb6 {[%clk 0:05:26]} 29. Bh3 {[%clk 0:27:27]} Ng7
{[%clk 0:05:46]} 30. Qd1 {[%clk 0:26:05]} e5 {[%clk 0:05:16]} 31. Qe2
{[%clk 0:22:58]} Rf6 {[%clk 0:04:44]} 32. Rfd1 {[%clk 0:22:47]} Ne6
{[%clk 0:04:08]} 33. Qg4 {[%clk 0:21:32]} Qe7 {[%clk 0:03:53]} 34. Bg2
{[%clk 0:20:20]} Kg7 {[%clk 0:04:14]} 35. h4 {[%clk 0:18:11]} h5 {[%clk 0:04:20]}
36. Qe2 {[%clk 0:17:57]} Nd8 {[%clk 0:04:21]} 37. Bd5 {[%clk 0:15:51]} e4
{[%clk 0:03:35]} 38. Rc3 {[%clk 0:15:24]} Rf5 {[%clk 0:03:16]} 39. Qc2
{[%clk 0:15:14]} Re5 {[%clk 0:03:43]} 40. Rb1 {[%clk 0:45:02]} Rxb1+
{[%clk 0:32:43]} 41. Qxb1 {[%clk 0:45:01]} g5 {[%clk 0:30:34]} 42. hxg5
{[%clk 0:44:05]} Qxg5 43. Bxe4 {[%clk 0:43:10]} h4 {[%clk 0:18:42]} 44. Bg2
{[%clk 0:42:22]} Nf7 {[%clk 0:12:55]} 45. Rb3 {[%clk 0:41:34]} Qg4
{[%clk 0:11:33]} 46. e4 {[%clk 0:39:34]} Rg5 {[%clk 0:09:41]} 47. Qa1+
{[%clk 0:38:12]} Kh7 {[%clk 0:08:45]} 48. Rf3 {[%clk 0:35:13]} Qh5
{[%clk 0:06:28]} 49. gxh4 {[%clk 0:28:26]} Ne5 {[%clk 0:06:39]} 50. hxg5
{[%clk 0:27:18]} Nxf3+ {[%clk 0:07:07]} 51. Bxf3 {[%clk 0:27:40]} Qxf3
{[%clk 0:07:34]} 52. Qf1 {[%clk 0:27:58]} Qxe4 {[%clk 0:06:00]} 53. Qh3+
{[%clk 0:28:22]} Kg8 {[%clk 0:05:32]} 54. Qc8+ {[%clk 0:28:25]} Kg7
{[%clk 0:05:09]} 55. Qc7+ {[%clk 0:26:17]} Kg8 {[%clk 0:05:35]} 56. Qxd6
{[%clk 0:25:54]} Qg4+ {[%clk 0:05:16]} 57. Kh2 {[%clk 0:25:29]} Qxc4
{[%clk 0:03:47]} 58. Qg6+ {[%clk 0:24:09]} Kf8 {[%clk 0:03:33]} 59. Qf6+
{[%clk 0:24:19]} Kg8 {[%clk 0:03:31]} 60. g6 {[%clk 0:24:03]} Qd5
{[%clk 0:03:23]} 61. Kg3 {[%clk 0:23:46]} c4 {[%clk 0:03:26]} 62. Qf7+
{[%clk 0:19:50]} Qxf7 {[%clk 0:03:53]} 63. gxf7+ {[%clk 0:20:16]} Kxf7
{[%clk 0:04:16]} 64. Kf4 {[%clk 0:20:44]} Kf6 {[%clk 0:02:25]} 65. Ke4
{[%clk 0:21:05]} Kg5 {[%clk 0:02:53]} 66. Kd4 {[%clk 0:21:27]} c3
{[%clk 0:03:11]} 67. Kxc3 {[%clk 0:21:50]} Kf4 {[%clk 0:03:40]} 68. Kb4
{[%clk 0:21:54]} Kf3 {[%clk 0:04:06]} 69. Ka5 {[%clk 0:22:21]} Kxf2
{[%clk 0:04:31]} 70. Ka6 {[%clk 0:22:47]} Ke3 {[%clk 0:04:55]} 1-0

[Event "Moscow_Open_19_TurnirA"]
[Site "?"]
[Date "2019.01.27"]
[Round "2.8"]
[White "Barseghyan, Armen Ar."]
[Black "Pridorozhni, Aleksei"]
[Result "0-1"]
[BlackElo "2568"]
[WhiteElo "2380"]
[LiveChessVersion "1.4.8"]

1. e4 {[%clk 1:30:38]} c5 {[%clk 1:30:34]} 2. Nc3 {[%clk 1:30:36]} Nc6
{[%clk 1:30:38]} 3. Bb5 {[%clk 1:30:09]} Nd4 {[%clk 1:30:34]} 4. Nf3
{[%clk 1:29:40]} Nxb5 {[%clk 1:27:52]} 5. Nxb5 {[%clk 1:30:05]} d6
{[%clk 1:28:17]} 6. d4 {[%clk 1:28:09]} a6 {[%clk 1:28:09]} 7. Nc3
{[%clk 1:28:09]} cxd4 {[%clk 1:28:32]} 8. Qxd4 {[%clk 1:27:40]} e5
{[%clk 1:28:57]} 9. Qb4 {[%clk 1:27:57]} h6 {[%clk 1:26:55]} 10. Be3
{[%clk 1:25:08]} Nf6 {[%clk 1:17:42]} 11. Bb6 {[%clk 1:24:17]} Qe7
{[%clk 1:15:57]} 12. Rd1 {[%clk 1:20:35]} Be6 {[%clk 1:15:18]} 13. O-O
{[%clk 1:17:57]} Qd7 {[%clk 1:14:00]} 14. Qa5 {[%clk 0:43:28]} Qc6
{[%clk 1:08:03]} 15. Nd5 {[%clk 0:36:34]} Bxd5 {[%clk 1:07:15]} 16. exd5
{[%clk 0:37:01]} Qb5 {[%clk 1:07:05]} 17. Nh4 {[%clk 0:34:01]} Nd7
{[%clk 1:01:56]} 18. Bc7 {[%clk 0:26:49]} Qxa5 {[%clk 0:53:21]} 19. Bxa5
{[%clk 0:26:44]} g6 {[%clk 0:53:45]} 20. f4 {[%clk 0:26:00]} Be7 {[%clk 0:53:52]}
21. Nf3 {[%clk 0:25:34]} O-O {[%clk 0:49:26]} 22. fxe5 {[%clk 0:24:18]} dxe5
{[%clk 0:49:34]} 23. d6 {[%clk 0:24:30]} Bd8 {[%clk 0:49:48]} 24. Bxd8
{[%clk 0:23:30]} Rfxd8 {[%clk 0:49:06]} 25. Rfe1 {[%clk 0:15:43]} f6
{[%clk 0:48:22]} 26. g4 {[%clk 0:15:37]} Rac8 {[%clk 0:48:11]} 27. Re2
{[%clk 0:15:32]} Nc5 {[%clk 0:46:08]} 28. h4 {[%clk 0:02:16]} g5 {[%clk 0:45:35]}
29. hxg5 {[%clk 0:02:18]} hxg5 {[%clk 0:46:00]} 30. Nxe5 {[%clk 0:00:47]} fxe5
{[%clk 0:45:22]} 31. Rxe5 {[%clk 0:01:16]} Nd7 {[%clk 0:45:22]} 32. Rxg5+
{[%clk 0:01:20]} Kf7 {[%clk 0:45:46]} 33. c3 {[%clk 0:00:59]} Rg8
{[%clk 0:45:09]} 34. Rf5+ {[%clk 0:01:21]} Ke6 {[%clk 0:45:25]} 35. Rf4
{[%clk 0:00:41]} Ne5 {[%clk 0:45:26]} 36. Re1 {[%clk 0:00:33]} Rg5
{[%clk 0:45:19]} 37. Kg2 {[%clk 0:00:31]} Rcg8 {[%clk 0:45:18]} 38. Kh3
{[%clk 0:00:35]} Kxd6 {[%clk 0:45:41]} 39. Rd4+ {[%clk 0:00:35]} Kc7
{[%clk 0:45:52]} 40. Ree4 {[%clk 0:30:32]} Nc6 {[%clk 1:15:50]} 41. Rd2
{[%clk 0:28:51]} Ra5 {[%clk 1:09:26]} 42. a3 {[%clk 0:27:01]} Rag5
{[%clk 1:06:23]} 43. Kg3 {[%clk 0:24:18]} R5g7 {[%clk 1:06:44]} 44. c4
{[%clk 0:21:30]} Rh8 {[%clk 1:05:58]} 45. b4 {[%clk 0:20:18]} Rh1
{[%clk 1:05:42]} 46. b5 {[%clk 0:18:03]} Nb8 {[%clk 1:06:06]} 47. a4
{[%clk 0:16:59]} Rg1+ {[%clk 1:05:45]} 48. Kf3 {[%clk 0:13:44]} Rf7+
{[%clk 1:05:46]} 49. Ke2 {[%clk 0:13:51]} Rg2+ {[%clk 0:59:58]} 50. Kd1
{[%clk 0:14:08]} Rxd2+ {[%clk 1:00:11]} 51. Kxd2 {[%clk 0:14:37]} a5 52. c5
{[%clk 0:10:16]} Nd7 {[%clk 1:00:33]} 53. Rc4 {[%clk 0:07:24]} Rg7
{[%clk 1:00:41]} 54. c6 {[%clk 0:04:20]} Nb6 {[%clk 1:00:56]} 55. Rf4
{[%clk 0:04:03]} bxc6 {[%clk 1:01:10]} 56. bxc6 {[%clk 0:02:10]} Kxc6
{[%clk 1:01:34]} 57. Kc2 {[%clk 0:02:21]} Kc5 {[%clk 1:01:35]} 58. Kb3
{[%clk 0:02:07]} Rg5 {[%clk 1:00:49]} 59. Re4 {[%clk 0:01:10]} Kd5
{[%clk 1:00:46]} 60. Rf4 {[%clk 0:00:41]} Ke5 {[%clk 1:01:00]} 0-1

[Event "Moscow_Open_19_TurnirA"]
[Site "?"]
[Date "2019.01.27"]
[Round "2.10"]
[White "Murtazin, Bulat"]
[Black "Tsydypov, Zhamsaran"]
[Result "0-1"]
[BlackElo "2545"]
[WhiteElo "2373"]
[LiveChessVersion "1.4.8"]

1. d4 {[%clk 1:26:45]} d5 {[%clk 1:27:41]} 2. c4 {[%clk 1:26:46]} e6
{[%clk 1:28:00]} 3. Nc3 {[%clk 1:27:11]} c6 {[%clk 1:28:12]} 4. Nf3
{[%clk 1:27:00]} dxc4 {[%clk 1:26:40]} 5. a4 {[%clk 1:26:42]} Bb4
{[%clk 1:26:23]} 6. e3 {[%clk 1:27:03]} b5 {[%clk 1:26:50]} 7. Bd2
{[%clk 1:26:52]} a5 {[%clk 1:26:46]} 8. axb5 {[%clk 1:27:13]} Bxc3
{[%clk 1:27:10]} 9. Bxc3 {[%clk 1:27:40]} cxb5 {[%clk 1:27:28]} 10. b3
{[%clk 1:28:04]} Bb7 {[%clk 1:27:46]} 11. bxc4 {[%clk 1:28:27]} b4
{[%clk 1:28:10]} 12. Bb2 {[%clk 1:28:54]} Nf6 {[%clk 1:28:34]} 13. Bd3
{[%clk 1:29:09]} O-O {[%clk 1:27:50]} 14. O-O {[%clk 1:29:32]} Nbd7
{[%clk 1:27:06]} 15. Nd2 {[%clk 1:26:29]} Qc7 16. Bc2 {[%clk 1:06:10]} Rfd8
{[%clk 1:20:41]} 17. Re1 {[%clk 1:00:20]} e5 {[%clk 1:17:47]} 18. f3
{[%clk 0:54:03]} Nb6 {[%clk 1:11:11]} 19. c5 {[%clk 0:52:14]} Nbd5
{[%clk 1:11:31]} 20. Nc4 {[%clk 0:49:54]} exd4 {[%clk 1:09:14]} 21. Qxd4 h5
{[%clk 0:45:03]} 22. Kh1 {[%clk 0:21:29]} a4 {[%clk 0:36:01]} 23. e4
{[%clk 0:19:54]} Nf4 {[%clk 0:17:48]} 24. Qe3 {[%clk 0:15:19]} Nd7
{[%clk 0:14:33]} 25. Bxa4 {[%clk 0:12:10]} Nxc5 {[%clk 0:14:29]} 26. Be5
{[%clk 0:12:28]} Qe7 {[%clk 0:14:55]} 27. Qxf4 {[%clk 0:05:47]} Nxa4
{[%clk 0:14:24]} 28. Bd6 {[%clk 0:05:32]} Qe6 {[%clk 0:14:25]} 29. e5
{[%clk 0:05:58]} b3 {[%clk 0:12:19]} 30. Ne3 {[%clk 0:03:21]} b2 {[%clk 0:11:11]}
31. Rxa4 {[%clk 0:01:43]} Qb3 {[%clk 0:11:32]} 32. Qb4 {[%clk 0:02:09]} Qxa4
{[%clk 0:10:34]} 33. Qxb2 {[%clk 0:00:41]} Qh4 {[%clk 0:10:13]} 34. Rc1
{[%clk 0:00:32]} Qf4 {[%clk 0:09:56]} 35. Nc4 {[%clk 0:00:31]} Ra2
{[%clk 0:09:24]} 36. Qc3 {[%clk 0:00:31]} Rc8 {[%clk 0:08:12]} 37. e6
{[%clk 0:00:36]} Qxc4 {[%clk 0:08:14]} 0-1

[Event "Moscow_Open_19_TurnirA"]
[Site "?"]
[Date "2019.01.27"]
[Round "2.12"]
[White "Savenkov, Konstantin"]
[Black "Iljiushenok, Ilia"]
[Result "0-1"]
[BlackElo "2533"]
[WhiteElo "2369"]
[LiveChessVersion "1.4.8"]

1. e4 {[%clk 1:28:28]} c6 {[%clk 1:30:56]} 2. d4 {[%clk 1:28:37]} d5
{[%clk 1:31:21]} 3. Nd2 {[%clk 1:29:03]} dxe4 {[%clk 1:31:47]} 4. Nxe4
{[%clk 1:29:31]} Bf5 {[%clk 1:32:12]} 5. Ng3 {[%clk 1:29:26]} Bg6
{[%clk 1:32:37]} 6. N1e2 {[%clk 1:29:39]} e6 {[%clk 1:32:39]} 7. h4
{[%clk 1:27:32]} h6 {[%clk 1:31:26]} 8. Nf4 {[%clk 1:27:47]} Bh7 {[%clk 1:31:47]}
9. Bc4 {[%clk 1:27:41]} Nf6 {[%clk 1:31:37]} 10. Qe2 {[%clk 1:18:28]} Bd6 11.
Ngh5 {[%clk 1:04:53]} O-O {[%clk 1:23:30]} 12. g4 {[%clk 0:58:52]} Bxf4
{[%clk 1:18:39]} 13. Nxf4 {[%clk 0:57:57]} Qxd4 {[%clk 1:18:52]} 14. c3
{[%clk 0:46:44]} Qe4 {[%clk 1:15:50]} 15. f3 {[%clk 0:45:57]} Qxe2+
{[%clk 1:16:01]} 16. Kxe2 {[%clk 0:46:22]} Nd5 {[%clk 1:09:36]} 17. g5
{[%clk 0:46:44]} hxg5 {[%clk 1:09:53]} 18. hxg5 {[%clk 0:47:10]} Nd7
{[%clk 1:10:13]} 19. Bd2 {[%clk 0:45:17]} Ne5 20. Bb3 {[%clk 0:42:57]} Bf5
{[%clk 0:44:20]} 21. Rh2 {[%clk 0:41:48]} Nxf4+ {[%clk 0:43:55]} 22. Bxf4
{[%clk 0:42:08]} Ng6 {[%clk 0:44:19]} 23. Bd6 {[%clk 0:41:34]} Rfd8
{[%clk 0:43:39]} 24. Rd1 {[%clk 0:40:30]} Rd7 {[%clk 0:43:18]} 25. c4
{[%clk 0:37:15]} Rad8 {[%clk 0:34:09]} 26. c5 {[%clk 0:37:36]} b6
{[%clk 0:34:36]} 27. Ke3 {[%clk 0:11:01]} bxc5 {[%clk 0:30:40]} 28. Rhd2
{[%clk 0:11:27]} c4 {[%clk 0:26:55]} 29. Bxc4 {[%clk 0:10:07]} Bc2
{[%clk 0:26:13]} 30. Rxc2 {[%clk 0:10:23]} Rxd6 {[%clk 0:26:40]} 31. Rxd6
{[%clk 0:09:24]} Rxd6 {[%clk 0:27:09]} 32. Bb3 {[%clk 0:08:01]} Ne7
{[%clk 0:25:39]} 33. Ke4 {[%clk 0:08:27]} Kf8 {[%clk 0:23:16]} 34. Ke5
{[%clk 0:07:36]} Nf5 {[%clk 0:16:44]} 35. f4 {[%clk 0:02:13]} Ke7
{[%clk 0:16:24]} 36. Ke4 {[%clk 0:02:25]} Rd4+ {[%clk 0:16:30]} 37. Kf3
{[%clk 0:02:51]} Rd3+ {[%clk 0:16:51]} 38. Ke2 {[%clk 0:03:06]} Rxb3
{[%clk 0:17:09]} 0-1

[Event "Moscow_Open_19_TurnirA"]
[Site "?"]
[Date "2019.01.27"]
[Round "2.13"]
[White "Potapov, Pavel"]
[Black "Gan-Erdene, Sugar"]
[Result "1-0"]
[BlackElo "2355"]
[WhiteElo "2516"]
[LiveChessVersion "1.4.8"]

1. e4 {[%clk 1:30:51]} c5 {[%clk 1:30:51]} 2. Nf3 {[%clk 1:31:15]} d6
{[%clk 1:31:15]} 3. c3 {[%clk 1:31:42]} Nf6 {[%clk 1:31:26]} 4. h3
{[%clk 1:32:07]} Nc6 {[%clk 1:31:20]} 5. Bd3 {[%clk 1:32:13]} g6 {[%clk 1:31:11]}
6. Bc2 {[%clk 1:32:37]} Bg7 {[%clk 1:31:31]} 7. O-O {[%clk 1:32:55]} O-O
{[%clk 1:31:06]} 8. d4 {[%clk 1:33:17]} Qc7 {[%clk 1:28:55]} 9. d5
{[%clk 1:28:45]} Nb8 {[%clk 1:27:08]} 10. a4 {[%clk 1:28:10]} Nbd7
{[%clk 1:22:22]} 11. Na3 {[%clk 1:23:57]} a6 {[%clk 1:21:46]} 12. Nc4 Rb8
{[%clk 1:19:31]} 13. a5 {[%clk 1:21:25]} b5 {[%clk 1:17:47]} 14. axb6
{[%clk 1:21:38]} Nxb6 {[%clk 1:18:12]} 15. Nxb6 {[%clk 1:18:12]} Qxb6
{[%clk 1:17:01]} 16. Nd2 {[%clk 1:16:33]} Bd7 {[%clk 1:13:03]} 17. Nc4
{[%clk 1:12:30]} Qc7 {[%clk 1:12:43]} 18. Re1 {[%clk 1:12:17]} Ne8
{[%clk 1:00:12]} 19. Bg5 {[%clk 1:06:58]} Bb5 {[%clk 0:54:37]} 20. Ne3
{[%clk 1:06:44]} Nf6 {[%clk 0:46:13]} 21. Ra2 {[%clk 1:04:50]} Rfe8 22. f4
{[%clk 0:56:23]} e6 {[%clk 0:29:26]} 23. c4 {[%clk 0:53:15]} Bd7 {[%clk 0:28:53]}
24. e5 {[%clk 0:50:39]} dxe5 {[%clk 0:25:41]} 25. d6 {[%clk 0:50:07]} Qb7
{[%clk 0:24:51]} 26. Bxf6 {[%clk 0:42:12]} Bxf6 {[%clk 0:25:10]} 27. Ng4
{[%clk 0:42:38]} Bg7 {[%clk 0:23:45]} 28. fxe5 {[%clk 0:42:28]} Bc6
{[%clk 0:21:28]} 29. Qd2 {[%clk 0:40:18]} Qb4 {[%clk 0:17:09]} 30. Qxb4
{[%clk 0:32:56]} Rxb4 {[%clk 0:17:33]} 31. b3 {[%clk 0:33:08]} Bb7
{[%clk 0:14:13]} 32. Ra5 {[%clk 0:32:49]} f6 {[%clk 0:06:25]} 33. Rxc5
{[%clk 0:28:14]} fxe5 {[%clk 0:02:17]} 34. Rc7 {[%clk 0:28:37]} Rb6
{[%clk 0:01:32]} 35. c5 {[%clk 0:28:49]} Rc6 {[%clk 0:01:46]} 36. Rxb7
{[%clk 0:28:47]} Rxc5 {[%clk 0:02:06]} 37. Be4 {[%clk 0:29:08]} Rd8
{[%clk 0:01:55]} 38. Rf1 {[%clk 0:29:32]} Rb5 {[%clk 0:01:48]} 39. Rc7
{[%clk 0:29:33]} 1-0

[Event "Moscow_Open_19_TurnirA"]
[Site "?"]
[Date "2019.01.27"]
[Round "2.14"]
[White "Karavade, Eesha"]
[Black "Khanin, Semen"]
[Result "0-1"]
[BlackElo "2514"]
[WhiteElo "2365"]
[LiveChessVersion "1.4.8"]

1. e4 {[%clk 1:30:56]} e5 {[%clk 1:28:51]} 2. Nf3 {[%clk 1:31:14]} Nc6
{[%clk 1:29:17]} 3. Bc4 {[%clk 1:31:23]} Bc5 {[%clk 1:29:37]} 4. c3
{[%clk 1:31:02]} Nf6 {[%clk 1:30:02]} 5. d4 {[%clk 1:31:08]} exd4
{[%clk 1:30:25]} 6. e5 {[%clk 1:31:26]} d5 {[%clk 1:30:40]} 7. Bb5
{[%clk 1:31:45]} Ne4 {[%clk 1:31:00]} 8. cxd4 {[%clk 1:32:06]} Bb6
{[%clk 1:29:46]} 9. Nc3 {[%clk 1:27:42]} O-O {[%clk 1:30:01]} 10. Be3
{[%clk 1:27:27]} f5 {[%clk 1:30:07]} 11. g3 Be6 {[%clk 1:12:45]} 12. Qb3
{[%clk 1:10:46]} Qe7 {[%clk 1:03:45]} 13. Bxc6 {[%clk 0:44:42]} bxc6
{[%clk 1:03:51]} 14. O-O-O {[%clk 0:44:26]} f4 {[%clk 0:54:43]} 15. gxf4
{[%clk 0:44:16]} Bg4 16. Ng5 {[%clk 0:38:10]} Bxd1 {[%clk 0:51:23]} 17. Rxd1
{[%clk 0:35:28]} Nxg5 {[%clk 0:42:33]} 18. fxg5 {[%clk 0:35:51]} Qe6
{[%clk 0:40:18]} 19. Na4 {[%clk 0:26:45]} Rf3 {[%clk 0:35:00]} 20. Qc2
{[%clk 0:27:08]} Re8 {[%clk 0:25:30]} 21. Kb1 {[%clk 0:27:06]} Rh3
{[%clk 0:20:42]} 22. Rc1 {[%clk 0:27:12]} Rxh2 {[%clk 0:21:02]} 23. Qxc6
{[%clk 0:26:35]} Qxc6 {[%clk 0:21:23]} 24. Rxc6 {[%clk 0:26:57]} Bxd4
{[%clk 0:21:14]} 25. Bxd4 {[%clk 0:26:34]} Rh4 {[%clk 0:21:39]} 26. Bc3
{[%clk 0:26:41]} Rxa4 {[%clk 0:21:09]} 27. Rxc7 {[%clk 0:27:03]} Rg4
{[%clk 0:17:15]} 28. Rd7 {[%clk 0:21:49]} Rxg5 {[%clk 0:17:10]} 29. Rxd5
{[%clk 0:22:10]} h5 {[%clk 0:17:24]} 30. Rd3 {[%clk 0:21:28]} Rf8
{[%clk 0:16:23]} 31. Bd4 {[%clk 0:20:12]} Rd8 {[%clk 0:14:28]} 32. Kc2
{[%clk 0:20:30]} Rg4 {[%clk 0:12:42]} 33. Bxa7 {[%clk 0:18:13]} Rxd3
{[%clk 0:13:05]} 34. Kxd3 {[%clk 0:18:37]} Kf7 {[%clk 0:08:06]} 35. Ke3
{[%clk 0:17:27]} h4 {[%clk 0:07:27]} 36. Kf3 {[%clk 0:17:46]} h3 {[%clk 0:06:46]}
37. e6+ {[%clk 0:18:01]} Kxe6 {[%clk 0:07:13]} 38. Bb8 {[%clk 0:18:26]} Rg2
{[%clk 0:07:25]} 39. a4 {[%clk 0:17:49]} g5 {[%clk 0:07:52]} 40. Bg3
{[%clk 0:48:07]} g4+ {[%clk 0:38:17]} 0-1

[Event "Moscow_Open_19_TurnirA"]
[Site "?"]
[Date "2019.01.27"]
[Round "2.15"]
[White "Baghdasaryan, Vahe"]
[Black "Triapishko, Alexandr"]
[Result "1/2-1/2"]
[BlackElo "2508"]
[WhiteElo "2354"]
[LiveChessVersion "1.4.8"]

1. c4 {[%clk 1:19:02]} e5 {[%clk 1:27:20]} 2. Nc3 {[%clk 1:19:26]} d6
{[%clk 1:27:22]} 3. g3 {[%clk 1:19:44]} f5 {[%clk 1:25:06]} 4. Bg2
{[%clk 1:19:03]} Nf6 {[%clk 1:25:19]} 5. d3 {[%clk 1:19:14]} g6 {[%clk 1:24:26]}
6. e4 Nc6 {[%clk 1:14:42]} 7. Nge2 {[%clk 1:19:34]} Bg7 {[%clk 1:14:51]} 8. O-O
{[%clk 1:19:09]} O-O {[%clk 1:14:25]} 9. Nd5 {[%clk 1:09:54]} Be6
{[%clk 0:54:25]} 10. Bg5 {[%clk 0:57:58]} Qd7 {[%clk 0:50:59]} 11. Rc1
{[%clk 0:52:25]} Nh5 {[%clk 0:36:08]} 12. exf5 {[%clk 0:49:52]} Rxf5
{[%clk 0:29:25]} 13. Be3 {[%clk 0:33:10]} Rff8 {[%clk 0:28:15]} 14. d4
{[%clk 0:33:02]} Bg4 {[%clk 0:24:37]} 15. f3 {[%clk 0:30:42]} Be6
{[%clk 0:23:09]} 16. dxe5 {[%clk 0:30:14]} Nxe5 {[%clk 0:14:37]} 17. Nd4
{[%clk 0:20:04]} Bf7 {[%clk 0:10:46]} 18. b3 {[%clk 0:15:28]} Rae8
{[%clk 0:08:13]} 19. Qd2 {[%clk 0:14:06]} c6 {[%clk 0:07:46]} 20. Nf4
{[%clk 0:13:34]} Nxf4 {[%clk 0:03:22]} 21. gxf4 {[%clk 0:12:52]} c5
{[%clk 0:03:41]} 22. Nb5 {[%clk 0:11:58]} Nxc4 {[%clk 0:01:37]} 23. bxc4
{[%clk 0:12:16]} a6 {[%clk 0:01:06]} 24. Bxc5 {[%clk 0:11:52]} axb5
{[%clk 0:01:33]} 25. Qxd6 {[%clk 0:05:03]} Qxd6 {[%clk 0:01:47]} 26. Bxd6
{[%clk 0:05:29]} Bxc4 {[%clk 0:01:36]} 27. Bxf8 {[%clk 0:04:39]} Bd4+
{[%clk 0:01:43]} 28. Kh1 {[%clk 0:05:07]} Bxf1 {[%clk 0:02:00]} 29. Bxf1
{[%clk 0:04:56]} Rxf8 {[%clk 0:02:01]} 30. Bxb5 {[%clk 0:04:40]} Kg7
{[%clk 0:00:40]} 31. Bd7 {[%clk 0:02:31]} Rxf4 {[%clk 0:00:42]} 32. Rc7
{[%clk 0:02:44]} b6 {[%clk 0:01:00]} 33. Be8+ {[%clk 0:02:14]} Kh6
{[%clk 0:01:06]} 34. Bc6 {[%clk 0:02:27]} Be5 {[%clk 0:00:53]} 35. Re7
{[%clk 0:01:55]} Rf5 {[%clk 0:00:35]} 36. Bd7 {[%clk 0:01:34]} Rh5
{[%clk 0:00:52]} 37. h3 {[%clk 0:01:55]} Bd6 {[%clk 0:00:57]} 38. Re4
{[%clk 0:01:06]} Rd5 {[%clk 0:01:18]} 39. Be6 {[%clk 0:01:14]} Rd2
{[%clk 0:01:13]} 40. a4 Bc5 {[%clk 0:30:59]} 41. Bc4 {[%clk 0:30:17]} Rf2
{[%clk 0:25:20]} 42. Bd5 {[%clk 0:28:47]} Kg5 {[%clk 0:23:26]} 43. Rc4
{[%clk 0:28:49]} Rd2 {[%clk 0:15:45]} 44. Bg8 {[%clk 0:27:03]} Rd8
{[%clk 0:13:48]} 45. Rg4+ {[%clk 0:27:11]} Kh6 {[%clk 0:13:34]} 46. Be6
{[%clk 0:26:44]} Rd6 {[%clk 0:09:06]} 47. Re4 {[%clk 0:26:49]} Rd2
{[%clk 0:08:10]} 48. Bc4 {[%clk 0:26:52]} Rf2 {[%clk 0:08:09]} 49. Bd5
{[%clk 0:27:13]} Kg5 {[%clk 0:08:24]} 50. Rc4 {[%clk 0:24:26]} Rd2
{[%clk 0:08:04]} 51. Bc6 {[%clk 0:23:03]} Bd4 {[%clk 0:06:10]} 52. Be4
{[%clk 0:21:05]} Kh4 {[%clk 0:01:47]} 53. Rc2 {[%clk 0:20:47]} Rd1+
{[%clk 0:02:11]} 54. Kh2 {[%clk 0:19:44]} Be3 {[%clk 0:01:45]} 55. Bc6
{[%clk 0:19:10]} Bf4+ {[%clk 0:00:44]} 56. Kg2 {[%clk 0:19:38]} Rd4
{[%clk 0:00:38]} 57. Re2 {[%clk 0:18:35]} Rc4 {[%clk 0:00:36]} 58. Bb5
{[%clk 0:16:30]} Rc5 {[%clk 0:01:00]} 59. Re4 {[%clk 0:16:36]} Rc2+
{[%clk 0:00:41]} 60. Re2 {[%clk 0:16:58]} Rc3 {[%clk 0:00:59]} 61. Re4
{[%clk 0:17:14]} g5 {[%clk 0:01:14]} 62. Re6 {[%clk 0:17:27]} h5 {[%clk 0:01:05]}
63. Re4 {[%clk 0:16:16]} Ra3 {[%clk 0:01:19]} 64. Re6 {[%clk 0:16:20]} g4
{[%clk 0:00:40]} 65. hxg4 {[%clk 0:16:20]} hxg4 {[%clk 0:01:06]} 66. fxg4
{[%clk 0:16:44]} Kxg4 {[%clk 0:01:19]} 67. Bd7 {[%clk 0:16:42]} Kg5
{[%clk 0:00:55]} 68. Rxb6 {[%clk 0:17:03]} Be3 {[%clk 0:00:49]} 69. Rb4
{[%clk 0:17:02]} Kf6 {[%clk 0:00:53]} 70. Re4 {[%clk 0:17:16]} Bc5
{[%clk 0:00:42]} 71. Kf1 {[%clk 0:17:21]} Ra2 {[%clk 0:00:48]} 72. Re6+
{[%clk 0:17:17]} Kf7 {[%clk 0:00:40]} 73. Re4 {[%clk 0:17:39]} Kf6
{[%clk 0:00:55]} 74. Ke1 {[%clk 0:18:04]} Rb2 {[%clk 0:00:36]} 75. Bb5
{[%clk 0:16:09]} Bb4+ {[%clk 0:00:43]} 76. Kd1 {[%clk 0:16:29]} Ba5
{[%clk 0:00:59]} 77. Re8 {[%clk 0:16:29]} Rd2+ {[%clk 0:01:18]} 78. Kc1
{[%clk 0:16:54]} Rd8 {[%clk 0:01:39]} 79. Re2 {[%clk 0:17:02]} Rd5
{[%clk 0:01:30]} 80. Kc2 {[%clk 0:17:06]} Re5 {[%clk 0:01:40]} 81. Rh2
{[%clk 0:17:22]} Ke7 {[%clk 0:01:51]} 82. Rh6 {[%clk 0:17:28]} Re6
{[%clk 0:02:03]} 83. Rh7+ {[%clk 0:17:27]} Kd6 {[%clk 0:02:17]} 84. Ra7
{[%clk 0:17:46]} Bb6 {[%clk 0:02:30]} 85. Ra6 {[%clk 0:17:41]} Kc5
{[%clk 0:02:27]} 86. Bd3 {[%clk 0:18:04]} Rc6 {[%clk 0:01:08]} 87. a5
{[%clk 0:17:38]} Bxa5 {[%clk 0:01:27]} 88. Rxc6+ {[%clk 0:17:53]} Kxc6
{[%clk 0:01:54]} 1/2-1/2